| 000 | 00636nam a2200145Ia 4500 | ||
|---|---|---|---|
| 008 | 231221s9999 xx 000 0 und d | ||
| 020 | _a978-3-642-35398-7 | ||
| 041 | _aEnglish | ||
| 100 | _aYuhang Yang, Maode Ma | ||
| 245 | 0 | _aProceedings of the 2nd International Conference on Green Communications and Networks 2012 (GCN 2012): Volume 5 | |
| 260 |
_c2013 _bSpringer Berlin Heidelberg _aNew York |
||
| 440 | _aLecture Notes in Electrical Engineering | ||
| 650 | _aCommunications Engineering, Networks; Renewable and Green Energy; Environmental Engineering/Biotechnology; Information Systems and Communication Service | ||
| 942 | _cEB | ||
| 999 |
_c229702 _d229702 |
||